GC-MS analyses of natural rubber (Record no. 59740)

MARC details
000 -LEADER
fixed length control field 00522nam a2200133Ia 4500
100 ## - MAIN ENTRY--AUTHOR NAME
Personal name Yue L
245 #0 - TITLE STATEMENT
Title GC-MS analyses of natural rubber
260 ## - PUBLICATION, DISTRIBUTION, ETC. (IMPRINT)
Name of publisher Climate Change, Low Carbon Economy and Sustainable Natural Rubber Industry: Preprints of Proceedings of IRRDB International Rubber Conference 2010, 18-19 October 2010 Sanya, Hainan, China, pp. 739-746.
650 ## - SUBJECT ADDED ENTRY--TOPICAL TERM
Topical Term Chromatography
650 ## - SUBJECT ADDED ENTRY--TOPICAL TERM
Topical Term Mechanical properties
650 ## - SUBJECT ADDED ENTRY--TOPICAL TERM
Topical Term Pyrolysis gas
942 ## - ADDED ENTRY ELEMENTS (KOHA)
Koha item type Journals
Holdings
Withdrawn status Lost status Damaged status Not for loan Home library Current library Shelving location Date acquired Koha item type
      Journals RRII Library RRII Library Rubber technology 17/08/2012 Journals